000 01514cam a2200421 a 4500
999 _c23937
_d23937
001 vtls010103845
005 20250926101445.0
008 230626s2010 xo o g 000 0dslo
020 _a9788081150210
_q(viaz.)
035 _a0A7B9093-6D91-4C47-9DD3-7D935EFBDFCC
035 _aurn:nbn:sk:snk-amjwva
035 _aurn:nbn:sk:snk-am0085os
040 _aPPPK
_bslo
_cPPPK
_dSVKBB
_dSNK
_eAACR2
041 0 _aslo
044 _axo
_cSK
072 7 _a908(437)
_xVlastiveda Česka a Slovenska
_2konspekt
072 7 _a94(437)
_xDejiny Česka a Slovenska
_2konspekt
080 _a908(437.6)
_22001
080 _a94(437.6)
_22001
080 _a(031)
_22001
100 1 _aMachala, Drahoslav,
_d1947-2015
_4aut
_4pht
_94867
245 1 0 _aSlovenská vlastiveda
_nIII
_pŽilinská župa
_cDrahoslav Machala ; [fotografie: Ľubomír Bechný ... [et al.]]
246 3 0 _aŽilinská župa
250 _a[1. vyd.]
260 _aMartin
_bVydavateľstvo Matice slovenskej
_c2010
300 _a408 s.
_bfotogr.
_c31 cm
500 _aBiogr. údaje
650 0 7 _avlastiveda
_2SNKPH
_92215
650 0 7 _aHistory and geography
_2SNKPHeng
_92218
651 7 _aŽilinská župa (Slovensko)
_2SNKPH
_94872
651 7 _aŽilinská župa (Slovakia)
_2SNKPHeng
_94873
655 7 _aencyklopédie
_2SNKPH
_91494
655 7 _aEncyclopedias
_2SNKPHeng
_91495
700 1 _aBechný, Ľubomír,
_d1963-
_4pht
_94874
958 _aNB